00716 2200205 4500001002100000005001500021035002000036008004100056245003300097100001600130250000600146260003100152300002900183020002200212084001400234520023200248082000800480650001000488990001200498INLIS00000000000004620240711093506 a0010-0424000022240711 1 ind 1 aSedimen Senja /cS.N.Ratmana aS.N.Ratmana a1 aJakarta :bGramedia,c2011 a192 hlm ;c14 cm x 21 cm a978-979-22-7596-4 a800 RAT s a"...anak-anaknya yang lain pun tahu dan mau tidak mau masyarakat juga tahu. Alangkah menggelikan dan memalukan, laki-laki 70 tahun dibakar api cemburu, memperebutkan cinta wanita yang sudah sembilan tahun menghuni liang lahat." a800 4aFiksi a0737335